The League Of Gentlemen Episode Titles - Statistics

General Stats
  • This quiz has been taken 4 times
  • The average score is 9 of 22
Answer Stats
Answer % Correct
The Lesbian and the Monkey
100%
Welcome to Royston Vasey
100%
Beauty and the Beast (Or, Come into My Parlour)
67%
Return to Royston Vasey
67%
The Medusa Touch
67%
The One-Armed Man Is King
67%
Turn Again Geoff Tipps
67%
Death in Royston Vasey
33%
Destination: Royston Vasey
33%
Escape from Royston Vasey
33%
How the Elephant Got Its Trunk
33%
Love Comes to Royston Vasey
33%
Lust for Royston Vasey
33%
Royston Vasey Mon Amour
33%
Save Royston Vasey
33%
The Beast of Royston Vasey
33%
Yule Never Leave
33%
Anarchy in Royston Vasey
0%
A Plague on Royston Vasey
0%
Nightmare in Royston Vasey
0%
Royston Vasey and the Monster from Hell
0%
The Road to Royston Vasey
0%
No matching quizzes found
Score Distribution
Percent of People with Each Score
Percentile by Number Answered
Your Score History
You have not taken this quiz